Statistics for Super Skyrim Quiz

Click here to take the quiz!

General Stats

  • This quiz has been taken 2,158 times
  • The average score is 41 of 60

Answer Stats

Hint Answer % Correct
Nord
97%
Dunmer (Dark Elf)
95%
Imperial
94%
Name the 10 playable character racesAltmer (High Elf)
93%
Bosmer (Wood Elf)
93%
Argonian
90%
Whiterun
90%
One-Handed
90%
Two-Handed
90%
Riften
87%
Orsimer (Orc)
87%
Khajiit
87%
Solitude
86%
Destruction
86%
Winterhold
85%
Archery
85%
Sneak
85%
Stormcloaks
84%
Breton
83%
Name all 18 skillsAlchemy
81%
Redguard
80%
Markarth
80%
Windhelm
79%
Light Armor
78%
Heavy Armor
78%
Falkreath
77%
Smithing
77%
Illusion
76%
What are the two main feuding factions?Imperial Legion
76%
Name the 9 cities/ townsDawnstar
76%
Restoration
75%
Alteration
74%
Block
73%
Conjuration
72%
Lockpicking
72%
The Warrior Stone
72%
Talos
71%
Morthal
71%
The Thief Stone
70%
The Mage Stone
70%
Speech
70%
Pickpocket
69%
Enchanting
69%
Mara
57%
Name each of the Nine DivinesAkatosh
52%
The Lover Stone
49%
Dibella
48%
The Steed Stone
42%
The Serpent Stone
40%
The Lady Stone
40%
Kynareth
40%
Stendarr
38%
Arkay
35%
Julianos
34%
The Atronach Stone
32%
Zenithar
30%
The Lord Stone
30%
The Tower Stone
28%
Name each of the Standing (Skill) StonesThe Apprentice Stone
24%
The Ritual Stone
17%

Score Distribution

Percentile by Number Answered

Percent of People with Each Score

Your Score History

You have not taken this quiz